Les dbuts de la tuberculose pulmonaire

Αποθηκεύτηκε σε:
Λεπτομέρειες βιβλιογραφικής εγγραφής
Κύριος συγγραφέας: Ribadeau-Dumas, Louis, 1876-1951
Μορφή: Βιβλίο
Γλώσσα:French
Δημοσίευση: Paris : E. Flammarion, 1925
Σειρά:Bibliothque des connaissances medicales
Θέματα:
Ετικέτες: Προσθήκη ετικέτας
Δεν υπάρχουν, Καταχωρήστε ετικέτα πρώτοι!

MARC

LEADER 00000cam a2200000 i 4500
001 1/69408
008 150408s1925 fre d
035 |l 10121528 
040 |a GR-MY-UA  |b gre  |e aacr 
041 0 |a fre 
082 0 |a 616.995  |2 (23) 
100 1 |a Ribadeau-Dumas, Louis,   |d 1876-1951. 
245 1 4 |a Les dbuts de la tuberculose pulmonaire /  |c L. Ribadeau-Dumas 
260 |a Paris :   |b E. Flammarion,   |c 1925 
300 |a 281 σ.;  |b εικ.;  |c 19 εκ. 
490 1 |a Bibliothque des connaissances medicales 
500 |a Υπάρχουν φθορές στη ράχη σου βιβλίου. 
500 |a Avec 16 planches hors texte. 
650 0 0 |a Tuberculosis. 
830 0 |a Bibliothque des connaissances medicales 
852 |a INST  |b SAMOS  |c MOR  |e 20150408  |h 616.995 RIB  |p 005300042105  |q 005300042105  |t NOLOAN  |y 23 
901 |a BIBL3-2015-1 
909 |a Σ  |b 192126 
970 |a ΣΙΤΖΙΜΗ  |b ΓΙΑΣΕΜΗ  |z 2015/04/08